[Event "Cappelle Online Blitz op"]
[Site "Europe Echecs INT"]
[Date "2022.01.09"]
[Round "9"]
[White "Dimey Gabert, Quentin"]
[Black "Houhou, Alexandre"]
[Result "0-1"]
[WhiteElo "1742"]
[BlackElo "2089"]
[PlyCount "34"]
[EventDate "2022.01.09"]
[EventType "swiss (blitz)"]
[EventRounds "11"]
[EventCountry "FRA"]
[SourceTitle "EXT 2023"]
[Source "ChessBase"]
[SourceDate "2022.10.05"]
[SourceVersion "1"]
[SourceVersionDate "2022.10.05"]
[SourceQuality "1"]

1. d4 Nf6 2. c4 e6 3. Nc3 b6 4. e4 Bb7 5. Bd3 Bb4 6. f3 d5 7. Bg5 dxe4 8. Bxe4 Nxe4 9. fxe4 Qxg5 10. Qa4+ Bc6 11. Qxb4 Qxg2 12. d5 Qxh1 13. Kf2 Qxh2+ 14. Ke3 Qh6+ 15. Kd4 Qd2+ 16. Ke5 f6+ 17. Kxe6 Bd7# 0-1

[Event "FRA-ch Blitz Online Qual"]
[Site "Europe Echecs INT"]
[Date "2020.05.16"]
[Round "2"]
[White "Guide Hascoet, Hoel"]
[Black "Dimey Gabert, Quentin"]
[Result "0-1"]
[WhiteElo "1035"]
[BlackElo "1758"]
[PlyCount "58"]
[EventDate "2020.05.16"]
[EventType "swiss (blitz)"]
[EventRounds "15"]
[EventCountry "FRA"]
[SourceTitle "CBM 196 Extra"]
[Source "ChessBase"]
[SourceDate "2020.07.31"]
[SourceVersion "1"]
[SourceVersionDate "2020.07.31"]
[SourceQuality "1"]

1. e4 c5 2. Nc3 Nc6 3. Bb5 Nd4 4. Nf3 Nxb5 5. Nxb5 g6 6. d4 cxd4 7. Qxd4 Bg7 8. Qd2 Nf6 9. Nc3 0-0 10. 0-0 b6 11. b4 Bb7 12. a4 Nxe4 13. Nxe4 Bxa1 14. Nc3 Rc8 15. Na2 Bg7 16. a5 bxa5 17. bxa5 Qc7 18. Nd4 Ba6 19. Nb4 Bxf1 20. Kxf1 Qc4+ 21. Nd3 Bxd4 22. g3 Qxc2 23. Qxc2 Rxc2 24. Kg2 Rfc8 25. Be3 Bxe3 26. Ne5 Rxf2+ 27. Kh3 Rcc2 28. Kg4 h5+ 29. Kh4 Rxh2# 0-1

[Event "FRA-ch U12"]
[Site "Hyeres"]
[Date "2019.04.14"]
[Round "1"]
[White "Dimey Gabert, Quentin"]
[Black "Bat, Bilguun"]
[Result "0-1"]
[WhiteElo "1540"]
[BlackElo "2163"]
[PlyCount "104"]
[EventDate "2019.04.14"]
[EventType "swiss"]
[EventRounds "9"]
[EventCountry "FRA"]
[SourceTitle "CBM 190 Extra"]
[Source "ChessBase"]
[SourceDate "2019.07.15"]
[SourceVersion "1"]
[SourceVersionDate "2019.07.15"]
[SourceQuality "1"]

1. d4 Nf6 2. c4 e6 3. Nc3 Bb4 4. e3 0-0 5. a3 Bxc3+ 6. bxc3 c5 7. Bd3 Nc6 8. Ne2 d5 9. 0-0 a6 10. cxd5 exd5 11. Ng3 Re8 12. Re1 cxd4 13. cxd4 Be6 14. Bd2 b5 15. Bb4 Na5 16. Bxa5 Qxa5 17. Qb3 Rac8 18. Qb4 Qc7 19. Ne2 Bg4 20. Rac1 Qd7 21. Nf4 Bf5 22. Bxf5 Qxf5 23. Rxc8 Qxc8 24. Nd3 Qf5 25. Nc5 h6 26. Nxa6 Ng4 27. Qd2 Ra8 28. Nc7 Rc8 29. Rc1 Qd7 30. Nxb5 Ra8 31. Qe2 Nf6 32. Ra1 Ra4 33. Nc3 Rc4 34. Nd1 Qc6 35. Qe1 Ne4 36. f3 Ng5 37. Nb2 Rc2 38. Nd3 Qg6 39. Qf1 Nh3+ 40. Kh1 Qxd3 41. gxh3 Qd2 42. Qg1 Qe2 43. Rf1 Ra2 44. a4 Rxa4 45. Qf2 Qd3 46. Re1 Rc4 47. Qe2 Qb3 48. Rd1 Rc2 49. Rd2 Qb1+ 50. Kg2 Rc1 51. Qf2 Rc6 52. h4 Rg6+ 0-1